[Event "Saintly Cup"]
[Site "Sydney"]
[Date "1999.01.29"]
[Round "7"]
[White "Wohl, Aleksandar H"]
[Black "Rogers, Ian"]
[Result "1/2-1/2"]
[WhiteElo "2440"]
[BlackElo "2618"]

1.Nf3 d5 2.g3 Nf6 3.Bg2 g6 4.c4 Bg7 5.O-O O-O 6.cxd5 Nxd5 7.Nc3 Nb6 8.d3 Nc6
9.Be3 e5 10.Qd2 Nd4 11.Bh6 Re8 12.Bxg7 Kxg7 13.Rfc1 c6 14.b4 Nc4 15.Qe1 Nd6
16.Nd2 a5 17.bxa5 Qxa5 18.e3 Ne6 19.Nb3 Qa3 20.Qd2 Rd8 21.Nb1 Qa4 22.Qb2 f6
23.N1d2 Qa3 24.Qc2 Bd7 25.Nb1 Qa4 26.Nc3 Qa3 27.Nb1 Qa4 28.Nc3 Qa3  1/2-1/2

[Event "Nova Gorica op"]
[Site "Nova Gorica"]
[Date "1999.01.30"]
[Round "3"]
[White "Jurkovic, Ante"]
[Black "Trtanj, Tina"]
[Result "1-0"]
[WhiteElo "2309"]
[BlackElo "2074"]

1.Nf3 d5 2.g3 Nf6 3.Bg2 c6 4.O-O Bf5 5.d3 Nbd7 6.c4 e5 7.cxd5 cxd5 8.Nc3 a6
9.Bg5 Be6 10.e4 d4 11.Nd5 Bd6 12.Nd2 h6 13.Nc4 Bb8 14.Bd2 a5 15.Qb3 Ra7 16.Qb5 Bc7
17.Nxc7+ Qxc7 18.Rfc1 Qc5 19.Na3 Qxb5 20.Nxb5  1-0

[Event "BL2-W9899"]
[Site "Germany"]
[Date "1999.01.31"]
[Round "5.6"]
[White "Meyer, Peter"]
[Black "Abel, Thomas"]
[Result "1-0"]
[WhiteElo "2350"]
[BlackElo "2400"]

1.Nf3 d5 2.g3 Nf6 3.Bg2 Bg4 4.O-O e6 5.d3 Be7 6.Nbd2 O-O 7.h3 Bh5 8.e3 Nbd7
9.g4 Bg6 10.Nh4 c6 11.Nxg6 hxg6 12.f4 a5 13.Qe1 a4 14.a3 Qc7 15.g5 Ne8 16.h4 e5
17.f5 gxf5 18.Rxf5 Nd6 19.Rf1 Rae8 20.e4 dxe4 21.Nxe4 f5 22.gxf6 Nxf6 23.Nxf6+ Bxf6
24.Qb4 e4 25.Bf4 c5 26.Qxa4 exd3 27.cxd3 Re2 28.Qb3+ Kh8 29.Qd5 Bd4+ 30.Kh1 Rxf4
31.Rxf4 Re5 32.Rf8+ Kh7 33.Qg8+ Kh6 34.Raf1 Qe7 35.Qh8+ Kg6 36.R8f4 Nf5 37.Rg4+ Kf6
38.Qh5 Ke6 39.Rg6+ Kd7 40.Rxf5 Re1+ 41.Rf1 Qe3 42.Qg4+ Kc7 43.Qg3+  1-0

[Event "BL2-S9899"]
[Site "Germany"]
[Date "1999.01.31"]
[Round "5.3"]
[White "Kaiser, Wolfgang"]
[Black "Karolyi, Tibor Jr"]
[Result "1/2-1/2"]
[WhiteElo "2395"]
[BlackElo "2431"]

1.Nf3 d5 2.g3 c6 3.Bg2 Bg4 4.d3 Nd7 5.h3 Bh5 6.O-O e5 7.c4 dxc4 8.dxc4 Be7
9.Nc3 Qc7 10.Be3 Bg6 11.a3 a5 12.b4 axb4 13.axb4 Rxa1 14.Qxa1 Bxb4 15.Nh4 Ngf6
16.Nxg6 hxg6 17.Rb1 Bxc3 18.Qxc3 O-O 19.Qb4 b5 20.cxb5 cxb5 21.Qxb5 Rb8 22.Qd3 Rxb1+
23.Qxb1 Qc4 24.Qd3 Qxd3 25.exd3 Kf8 26.d4 exd4 27.Bxd4 Ne8 28.f4 Nc7 29.Kf2 Ne6
30.Bc3 Nf6 31.Ke3 Kg8 32.Bf3 Nh5 33.f5 Ng5 34.fxg6 Nxg3 35.Bd5 Ne6 36.Be5 Nf5+
37.Ke4 Ne7 38.gxf7+ Kxf7 39.Bxe6+ Kxe6 40.Bxg7 Kf7 41.Bd4 Kg6  1/2-1/2

[Event "Nova Gorica op"]
[Site "Nova Gorica"]
[Date "1999.02.03"]
[Round "7"]
[White "Bednarich, Jan"]
[Black "Karer, Gregor"]
[Result "1-0"]
[WhiteElo "2230"]
[BlackElo "2088"]

1.Nf3 d5 2.g3 Nf6 3.Bg2 Bf5 4.d3 Nbd7 5.Nh4 Bg6 6.c4 c6 7.Nc3 d4 8.Nxg6 hxg6
9.Nb1 e5 10.Nd2 Be7 11.Nf3 Nh7 12.h4 f5 13.e3 dxe3 14.Bxe3 Nhf6 15.O-O Ng4
16.Bc1 Qb6 17.Bg5 Bc5 18.Qd2 O-O 19.Rab1 a5 20.Bh3 Ndf6 21.Nh2 Nxh2 22.Kxh2 Rae8
23.a3 e4 24.Bxf6 Rxf6 25.dxe4 Rxe4 26.Qc2 Rfe6 27.b4 axb4 28.axb4 Bxb4 29.Qb3 c5
30.Bg2 Qd6 31.Bxe4 Rxe4 32.Kg2 Qd4 33.Rbc1 Re2 34.Qf3 Re4 35.Rc2 b6 36.Rd1 Qe5
37.Rd8+ Kh7 38.Qd3 g5 39.hxg5 Rg4 40.Re2 Re4 41.Rxe4 fxe4 42.Qd5 Qe7 43.Qf5+  1-0

[Event "Nova Gorica op"]
[Site "Nova Gorica"]
[Date "1999.02.03"]
[Round "7"]
[White "Jurkovic, Ante"]
[Black "Petrov, Jole"]
[Result "1-0"]
[WhiteElo "2309"]
[BlackElo "2421"]

1.Nf3 d5 2.g3 c6 3.Bg2 Bg4 4.Ne5 Bh5 5.c4 e6 6.Qb3 Qb6 7.Nc3 Nf6 8.d4 Nbd7
9.Nxd7 Nxd7 10.O-O Qb4 11.Qxb4 Bxb4 12.cxd5 exd5 13.a3 Be7 14.b4 O-O 15.e4 dxe4
16.Nxe4 a5 17.Nc5 Nxc5 18.bxc5 Bf6 19.Be3 Rfe8 20.Rab1 Re7 21.d5 Be2 22.dxc6 bxc6
23.Bxc6 Rc8 24.Rfc1 g5 25.Bb7 Rce8 26.Bg2 h6 27.c6 Bg4 28.Rb7 Bc8 29.Rxe7 Bxe7
30.a4 Bb4 31.Rd1 Kf8 32.h4 f6 33.hxg5 hxg5 34.Bd5 Rd8 35.Bb6 Re8 36.Kg2 Ke7
37.Bf3 f5 38.Be3 Rg8 39.Bd5 Rg6 40.Kg1 f4 41.Bb6 Bg4 42.f3 Bd7 43.Rc1 fxg3
44.Be4 Rh6 45.Be3  1-0

[Event "Nova Gorica op"]
[Site "Nova Gorica"]
[Date "1999.02.03"]
[Round "7"]
[White "Badea, Bela"]
[Black "Bukal, Vladimir Sr"]
[Result "1/2-1/2"]
[WhiteElo "2479"]
[BlackElo "2407"]

1.Nf3 d5 2.g3 c6 3.Bg2 Nf6 4.O-O Bg4 5.d3 Nbd7 6.Nbd2 e5 7.e4 Bd6 8.h3 Bh5
9.Qe1 O-O 10.Nh4 Re8 11.Bf3 Bxf3 12.Nhxf3 Nc5 13.h4 h5 14.b3 Na6 15.Bb2  1/2-1/2

[Event "Vijnce Toth mem"]
[Site "Rio de Janeiro"]
[Date "1999.02.03"]
[Round "4"]
[White "Fernandes, Jose Costa Jr"]
[Black "Matsuura, Everaldo"]
[Result "0-1"]
[WhiteElo "2310"]
[BlackElo "2380"]

1.Nf3 d5 2.g3 g6 3.Bg2 Bg7 4.O-O e5 5.d3 Ne7 6.c4 c6 7.Nc3 O-O 8.Rb1 h6 9.e3 Be6
10.Nd2 Qd7 11.e4 Na6 12.Qe2 Rad8 13.a3 dxc4 14.dxc4 Qd3 15.Re1 Qxe2 16.Rxe2 Rd3
17.Re3 Rxe3 18.fxe3 Rd8 19.Bf1 Nc5 20.Kf2 h5 21.Be2 Bh6 22.Nf3 f5 23.Nxe5 fxe4
24.b4 Nd3+ 25.Bxd3 exd3 26.Bd2 Bg7 27.Nf3 Rf8 28.Kg2 Bxc4 29.e4 Nc8 30.Re1 Nd6
31.Nd1 Re8 32.Nf2 Nb5 33.a4 Nd4 34.Rc1 b5 35.axb5 cxb5 36.Nh4 Nb3 37.Rd1 Nxd2
38.Rxd2 Bc3 39.Rd1 d2 40.Nxg6 Be2 41.Rb1 Bc4 42.Nf4 Ba2 43.Rf1 Bxb4 44.Nxh5 Bc3
45.Ng4 Re6 46.Kf3 Bc4 47.Rh1 a5 48.Nf4 Rd6 49.Ne3 a4 50.Nfd5 Bxd5 51.Nxd5 b4
52.Ke2 a3  0-1

[Event "Koltanowski Team Match"]
[Site "San Francisco"]
[Date "1999.02.03"]
[Round "2"]
[White "Hergott, Deen"]
[Black "Cusi, Ronald"]
[Result "1/2-1/2"]
[WhiteElo "2390"]
[BlackElo "2375"]

1.Nf3 d5 2.g3 c6 3.Bg2 Nf6 4.O-O Bg4 5.d3 Nbd7 6.Nbd2 e6 7.b3 Bc5 8.Bb2 O-O
9.h3 Bh5 10.Qe1 Qe7  1/2-1/2

[Event "Budapest FS02 GM"]
[Site "Budapest"]
[Date "1999.02.08"]
[Round "3"]
[White "Csom, Istvan"]
[Black "Nguyen Anh Dung"]
[Result "1/2-1/2"]
[WhiteElo "2455"]
[BlackElo "2485"]

1.Nf3 d5 2.g3 Bg4 3.Bg2 Nd7 4.c4 e6 5.d4 Ngf6 6.O-O c6 7.Nbd2 Bd6 8.b3 O-O
9.Bb2 Qe7 10.Ne5 Bf5 11.Nxd7 Qxd7 12.Re1 Rad8 13.a3 Rfe8 14.e3 h6 15.b4 Bb8
16.Rc1 Re7 17.Qb3 Qe8 18.a4 a6 19.c5 e5 20.dxe5 Bxe5 21.Bxe5 Rxe5 22.Nf3 Re7
23.Nd4 Bg6 24.b5 axb5 25.axb5 Ng4 26.Rc3 Ne5 27.Ra1 Be4 28.f3 Bg6 29.Ra7 Ra8
30.Rxa8 Qxa8 31.Bf1 Qa1 32.Kf2 cxb5 33.Bxb5 Qh1 34.Bf1 Qxh2+ 35.Bg2 Be4  1/2-1/2

[Event "Goodricke 10th op"]
[Site "Calcutta"]
[Date "1999.02.10"]
[Round "5"]
[White "Sriram, Jha"]
[Black "Abdulla, Al Rakib"]
[Result "1/2-1/2"]
[WhiteElo "2325"]
[BlackElo "2405"]

1.Nf3 d5 2.g3 c6 3.Bg2 Bg4 4.O-O Nd7 5.d4 e6 6.Nbd2 Ngf6 7.Re1 Be7 8.e4 dxe4
9.Nxe4 Nxe4 10.Rxe4 Nf6 11.Re1 Qa5 12.c3 O-O 13.Qb3 Qd5 14.Ne5 Qxb3 15.axb3 Bf5
16.b4 a6 17.Nc4 Nd5 18.Ne3  1/2-1/2

[Event "Malaga op"]
[Site "Malaga"]
[Date "1999.02.11"]
[Round "9"]
[White "Komljenovic, Davor"]
[Black "Kharlov, Andrei"]
[Result "1-0"]
[WhiteElo "2499"]
[BlackElo "2600"]

1.Nf3 d5 2.g3 Bg4 3.Bg2 Nd7 4.O-O c6 5.d3 Ngf6 6.b3 e5 7.Bb2 Bd6 8.h3 Bxf3
9.Bxf3 Qe7 10.Bg2 O-O 11.c4 Rad8 12.cxd5 Nxd5 13.a3 f5 14.e4 fxe4 15.dxe4 Nc7
16.b4 Ne6 17.Nd2 Bc7 18.Qb3 Kh8 19.Nf3 Ng5 20.Nh4 Qe6 21.Qxe6 Nxe6 22.Nf3 g5
23.Rad1 Kg7 24.Rd3 Kf6 25.h4 g4 26.Nh2 h5 27.f3 gxf3 28.Nxf3 Ke7 29.Bh3 Nd4
30.Kg2 Nxf3 31.Rfxf3 Rxf3 32.Kxf3 Nf6 33.Rxd8 Kxd8 34.Bc1 a5 35.Bg5 Ke7 36.bxa5 Bxa5
37.Bc8 b6 38.Bb7 c5 39.Bd5 b5 40.Ke2 Bc3 41.g4 Ba5 42.gxh5 Bd8 43.h6 Kf8
44.Kd3 Be7 45.Bc6 c4+ 46.Kc2 Kf7 47.h7 Nxh7 48.Bxe7 Kxe7 49.Bxb5 Nf6 50.Bc6 Kd6
51.Bd5 Kc5 52.Kc3 Kb5 53.Bxc4+ Ka4 54.Bd5 Kxa3 55.Kc4 Kb2 56.Kd3 Ka3 57.Kc3 Nh5
58.Bf7 Ng7 59.Bg6 Ka4 60.Kc4 Ka3 61.h5 Nf5  1-0

[Event "Saint Vincent op"]
[Site "Saint Vincent"]
[Date "1999.02.12"]
[Round "7"]
[White "Loginov, Valery A"]
[Black "Guido, Flavio"]
[Result "1-0"]
[WhiteElo "2532"]
[BlackElo "2356"]

1.Nf3 d5 2.g3 Bg4 3.Bg2 Nd7 4.c4 e6 5.cxd5 exd5 6.O-O Ngf6 7.Nc3 c6 8.d3 Bc5
9.Qc2 O-O 10.e4 dxe4 11.dxe4 Re8 12.Bf4 h6 13.Rad1 Qe7 14.h3 Bh5 15.g4 Bg6
16.Nh4 Ne5 17.Na4 Bd6 18.Nxg6 fxg6 19.Bxe5 Bxe5 20.f4 Bc7 21.e5 Nd5 22.Qxg6 Ne3
23.Be4 Qh4 24.Qh7+ Kf8 25.Qh8+ Kf7 26.Rd7+ Ke6 27.Nc5+  1-0

[Event "Saint Vincent op"]
[Site "Saint Vincent"]
[Date "1999.02.12"]
[Round "7"]
[White "Efimov, Igor"]
[Black "Ortega, Lexy"]
[Result "1-0"]
[WhiteElo "2494"]
[BlackElo "2485"]

1.Nf3 d5 2.g3 c6 3.Bg2 Nf6 4.O-O Bf5 5.d3 e6 6.c4 dxc4 7.dxc4 Qxd1 8.Rxd1 Bc2
9.Rd2 Bg6 10.Ne5 Bb4 11.Rd4 Nbd7 12.Nxg6 hxg6 13.Rd1 O-O-O 14.b3 Ne5 15.Rf1 Bc5
16.Nc3 Bb4 17.Na4 Ned7 18.Be3 Kb8 19.h3 Bd6 20.Rfc1 Bc7 21.b4 Nb6 22.Nc5 Nfd7
23.Nd3 Ne5 24.Nb2 Nc8 25.a4 Ne7 26.f4 Nf5 27.Bf2 Rd2 28.Nd1 Nd7 29.Nc3 Nb6
30.a5 Nxc4 31.Ne4  1-0

[Event "RUS-Cup03 (Geller mem)"]
[Site "Moscow"]
[Date "1999.02.13"]
[Round "4"]
[White "Gorbatow, Alexej"]
[Black "Popov, Valerij"]
[Result "0-1"]
[WhiteElo "2417"]
[BlackElo "2582"]

1.Nf3 d5 2.g3 Bg4 3.Bg2 Nd7 4.c4 e6 5.cxd5 exd5 6.O-O c6 7.d3 Bd6 8.Nc3 Ne7
9.Qc2 O-O 10.e4 Rc8 11.b3 Qa5 12.Bd2 Qa6 13.Rfe1 Nc5 14.d4 Ne6 15.Be3 Bb4
16.a3 Bxc3 17.Qxc3 dxe4 18.Ne5 Bf5 19.g4 Bg6 20.h4 h5 21.gxh5 Bxh5 22.Bxe4 Nd5
23.Qd2 Rcd8 24.Bf5 c5 25.dxc5 Nxe3 26.Qxe3 Nd4 27.Bd3 Qf6 28.Be4 Qxe5  0-1

[Event "RUS-Cup03 (Geller mem)"]
[Site "Moscow"]
[Date "1999.02.13"]
[Round "4"]
[White "Nureev, Garun"]
[Black "Lobzhanidze, Davit"]
[Result "1-0"]
[WhiteElo "2380"]
[BlackElo "2452"]

1.Nf3 d5 2.g3 c6 3.Bg2 Bg4 4.O-O Nd7 5.d3 Ngf6 6.Nbd2 e5 7.e4 dxe4 8.dxe4 Bc5
9.h3 Bh5 10.a4 O-O 11.Qe1 Re8 12.Nc4 a5 13.Bd2 b6 14.Bc3 Qc7 15.Kh1 Bb4 16.Bxb4 axb4
17.Qxb4 Nxe4 18.Rae1 Nec5 19.Nfxe5 Nxe5 20.Nxb6 Ned7 21.Nxa8 Rxa8 22.Re7 Rc8
23.Rfe1 Ne6 24.R1xe6 fxe6 25.Qd4 Qe5 26.Rxd7  1-0

[Event "RUS-Cup03 (Geller mem)"]
[Site "Moscow"]
[Date "1999.02.13"]
[Round "4"]
[White "Lopushnoy, Denis"]
[Black "Rychagov, Andrei"]
[Result "0-1"]
[WhiteElo "2399"]
[BlackElo "2487"]

1.Nf3 d5 2.g3 Nf6 3.Bg2 c6 4.O-O Bg4 5.b3 Nbd7 6.Bb2 e6 7.d3 Be7 8.Nbd2 O-O
9.c4 a5 10.a3 Qb6 11.Qc2 Rfd8 12.Bc3 Qc7 13.Qb2 b5 14.cxb5 cxb5 15.Rfc1 Qb7
16.b4 axb4 17.axb4 Ra4 18.Rxa4 bxa4 19.Ra1 Ra8 20.h3 Bxf3 21.Bxf3 Qb8 22.e3 Qb5
23.Be2 Nb6 24.Nb1 Rc8 25.Na3 Qc6 26.Rc1 d4 27.Bd2 Qd5 28.Rxc8+ Nxc8 29.e4 Qb3
30.Qxb3 axb3 31.Nc4 Nd6 32.Nb2 Nb5 33.Bd1 Nc3 34.Bxb3 Bxb4 35.Kf1 Nd7 36.f4 Nc5
37.Bc2 Na2 38.Ke2 f6 39.Bxb4 Nxb4 40.Kd2 g5 41.fxg5 fxg5 42.Bd1 Kf7 43.Bh5+ Ke7
44.Be2 Nb3+ 45.Kd1 Na5 46.Kd2 Kd6 47.Bh5 Nbc6 48.Nd1 Ne5 49.Nf2 Kc5 50.Bd1 Kb4
51.Bg4 Nb3+ 52.Kc2 Nc5 53.Bh5 Ka3 54.Be2 Ka2 55.Bg4 Nc6 56.Bd1 Nb3 57.Bg4 Nb4+
58.Kd1 Nc5 59.Kd2 Kb1 60.Bd1 Kb2 61.Bg4 Nc6 62.Nd1+ Kb1 63.Nf2 Ne5 64.Be2 Nb3+
65.Kd1 Nc1 66.Bg4 Nxg4 67.Nxg4 Nxd3 68.Kd2 Nc5 69.Nf6 h6 70.e5 Kb2 71.h4 Kb3
72.Ng4 gxh4 73.gxh4 h5 74.Nf6 Kc4 75.Nxh5 Ne4+ 76.Kd1 Kd5 77.Nf4+ Kxe5 78.Nd3+ Kf5
79.Ke2 Nc3+ 80.Kd2 e5 81.Ne1 Nd5 82.Nf3 Nf6  0-1

[Event "Cappelle op"]
[Site "Cappelle la Grande"]
[Date "1999.02.15"]
[Round "3"]
[White "Foisor, Cristina Adela B"]
[Black "Golod, Vitali"]
[Result "0-1"]
[WhiteElo "2370"]
[BlackElo "2554"]

1.Nf3 d5 2.g3 g6 3.Bg2 Bg7 4.d3 e5 5.O-O Nc6 6.c3 a5 7.e4 Nf6 8.Bg5 dxe4
9.Bxf6 Qxf6 10.dxe4 O-O 11.Nbd2 a4 12.Qe2 b6 13.Rfd1 Ba6 14.Qe3 Rfd8 15.Bf1 Bb7
16.b4 Ne7 17.a3 Nc8 18.Nc4 Nd6 19.Nxd6 Rxd6 20.Rxd6 Qxd6 21.Bc4 Rd8 22.Ng5 Rd7
23.Qf3 Bf6 24.h4 Kg7 25.Kh2 h6 26.Nh3 Qd2 27.Bb5 Qb2 28.Bxd7 Qxa1 29.Bxa4 Qb1
30.h5 b5 31.Bd1 Bxe4 32.Qe3 gxh5 33.Bf3 Bg6 34.Be2 c6 35.Ng1 e4 36.Qc5 Qe1
37.c4 bxc4 38.Bxc4 h4 39.Ne2 hxg3+ 40.Nxg3 Qc3 41.Ba6 Qxc5 42.bxc5 Bd4 43.Bb7 Bxf2
44.Bxc6 f5 45.Bd7 Kf6 46.c6 Bb6 47.Ne2 f4 48.Nc3 Ke5 49.Nb5 e3 50.Bg4 h5
51.Be2 Be4 52.c7 Bxc7 53.Bxh5 Ba5 54.a4 f3  0-1

[Event "Cappelle op"]
[Site "Cappelle la Grande"]
[Date "1999.02.17"]
[Round "5"]
[White "Foisor, Cristina Adela B"]
[Black "Savchenko, Stanislav"]
[Result "0-1"]
[WhiteElo "2370"]
[BlackElo "2539"]

1.g3 d5 2.Nf3 c6 3.Bg2 Bg4 4.d3 Nf6 5.Nbd2 Nbd7 6.O-O e5 7.e4 Bd6 8.h3 Bh5
9.Qe2 O-O 10.Kh1 Re8 11.a4 a5 12.Re1 Nc5 13.Qf1 Na6 14.c3 Qb6 15.g4 Bg6 16.Nh4 Nc7
17.Nxg6 hxg6 18.exd5 cxd5 19.Nf3 e4 20.dxe4 Nxe4 21.Nd4 Bc5 22.Be3 Ne6 23.Bxe4 dxe4
24.Nxe6 Rxe6 25.Qb5 Bxe3 26.Rxe3 Rd8 27.Qxb6 Rxb6 28.Re2 f5 29.Rc1 Rd3 30.Kg2 Kf7
31.Rcc2 Kf6 32.Red2 Ke5 33.b4 f4 34.Rb2 Rxd2 35.Rxd2 axb4 36.cxb4 Rxb4 37.a5 Rb1
38.Ra2 f3+ 39.Kg3 Rg1+ 40.Kh4 Rg2 41.Rb2 Kf4 42.Rxb7 Rxf2 43.Rxg7 Ke3 44.a6 Ra2
45.a7 g5+ 46.Kxg5 f2 47.h4 Ke2 48.h5 e3  0-1

[Event "St Helier Tohmatsu op"]
[Site "St Helier"]
[Date "1999.02.17"]
[Round "4"]
[White "Hickman, J."]
[Black "Bourne, James"]
[Result "0-1"]
[WhiteElo "2136"]
[BlackElo "2085"]

1.Nf3 d5 2.g3 Nf6 3.Bg2 e6 4.O-O c5 5.d3 Nc6 6.Nbd2 Be7 7.e4 b6 8.Re1 Bb7
9.e5 Nd7 10.Qe2 Qc7 11.h4 h6 12.Nf1 O-O-O 13.c4 Ndb8 14.Bf4 dxc4 15.dxc4 Nd4
16.Nxd4 cxd4 17.Bxb7+ Qxb7 18.Qd3 g5 19.Bd2 gxh4 20.Re4 Na6 21.b4 hxg3 22.Nxg3 Bxb4
23.Bxb4 Nxb4 24.Qd2 Rhg8 25.Rxd4 Rxd4 26.Qxd4 Nc2 27.Qc3 Nxa1 28.Qxa1 h5
29.Qd4 Qf3 30.a4 Rd8 31.Qb2 h4  0-1

[Event "St Helier Tohmatsu op"]
[Site "St Helier"]
[Date "1999.02.18"]
[Round "5"]
[White "Dunnington, Angus J"]
[Black "Norris, Alan J"]
[Result "1/2-1/2"]
[WhiteElo "2353"]
[BlackElo "2332"]

1.Nf3 d5 2.g3 c5 3.Bg2 Nc6 4.d4 e6 5.O-O Nf6 6.c4 Be7 7.cxd5 exd5 8.Nc3 O-O
9.Bg5 cxd4 10.Nxd4 Re8 11.e3 Bg4 12.Qa4 Qd7 13.Bxf6 Bxf6 14.Nxd5 Bxd4 15.exd4 Be2
16.Rfe1 b5 17.Qc2 Bc4 18.Ne3 Nxd4 19.Qd1 Rad8 20.Nxc4 Rxe1+ 21.Qxe1 Nc2 22.Qb1 Nxa1
23.Ne3 Qd2 24.Be4 g6 25.Qxa1 Rc8 26.Bc2 Rxc2 27.Nxc2 Qxc2 28.b4  1/2-1/2

[Event "Aurec"]
[Site "Aurec"]
[Date "1999.02.20"]
[Round "?"]
[White "Kirov, Nino"]
[Black "Novikov, Igor A"]
[Result "0-1"]
[WhiteElo "2416"]
[BlackElo "2601"]

1.Nf3 d5 2.g3 c6 3.Bg2 Bg4 4.c4 Nd7 5.cxd5 cxd5 6.Qa4 Bxf3 7.Bxf3 Nf6 8.Nc3 e6
9.d4 Be7 10.O-O O-O 11.Bg5 Nb6 12.Qb3 Ne8 13.Bxe7 Qxe7 14.e4 dxe4 15.Bxe4 Nf6
16.Bf3 Rfd8 17.Rad1 Nbd5 18.Rfe1 Qd7 19.Re5 Nxc3 20.bxc3 Rab8 21.a4 Qc7 22.Rc5 Qe7
23.Rb5 b6 24.a5 Qc7 25.Rb1 Rbc8 26.axb6 axb6 27.Rxb6 Qxc3 28.Qxc3 Rxc3 29.Rb8 Rcc8
30.Rxc8 Rxc8 31.Rb4 g6 32.h4 h5 33.Kg2 Kg7 34.Ra4 Rc2 35.Rb4 Rd2 36.Ra4 Ng8
37.Kf1 Ne7 38.Ke1 Rb2 39.Be4 Kf6 40.Rc4 Ra2 41.Rb4 Ra5 42.Ke2 Nc8 43.Ke3 Ra3+
44.Kf4 Rc3 45.Ra4 Nd6 46.Ra6 Nb5 47.d5 Nd4 48.Bg2 Rc2 49.dxe6 Rxf2+ 50.Ke3 Rxg2
51.exf7+ Kxf7 52.Kxd4 Rxg3 53.Ke5 Kg7 54.Ra1 Kh6 55.Rh1 Rg4 56.Rh2 g5 57.hxg5+ Kxg5
58.Rf2 Rg1 59.Rf8 Re1+ 60.Kd4 h4 61.Rg8+ Kf4 62.Rf8+ Kg3 63.Rg8+ Kh2 64.Rh8 h3
65.Kd3 Re7 66.Rg8 Kh1 67.Kd2 Re4 68.Rg3 Kh2 69.Rg6 Ra4 70.Rg7 Ra3 71.Ke2 Rg3  0-1

[Event "Aurec"]
[Site "Aurec"]
[Date "1999.02.20"]
[Round "?"]
[White "Kirov, Nino"]
[Black "Novikov, Igor A"]
[Result "0-1"]
[WhiteElo "2416"]
[BlackElo "2601"]

1.Nf3 d5 2.g3 c6 3.Bg2 Bg4 4.c4 Nd7 5.cxd5 cxd5 6.Nc3 e6 7.Qa4 Bxf3 8.Bxf3 Nf6
9.O-O Be7 10.e4 dxe4 11.Nxe4 O-O 12.Nxf6+ Bxf6 13.d4 Nb6 14.Qb4 Qxd4 15.Qxd4 Bxd4
16.Bxb7 Rab8 17.Be4 Na4 18.Rd1 Rfd8 19.Rb1 Bxf2+  0-1

[Event "BL2-N9899"]
[Site "Germany"]
[Date "1999.02.21"]
[Round "6.1"]
[White "Poldauf, Dirk"]
[Black "Rabiega, Robert"]
[Result "1/2-1/2"]
[WhiteElo "2410"]
[BlackElo "2525"]

1.Nf3 d5 2.g3 Bg4 3.Bg2 Nd7 4.O-O e6 5.d3 Ngf6 6.h3 Bh5 7.g4 Bg6 8.Nh4 Bd6
9.e3 c6 10.f4 Ng8 11.Qe1 Be7 12.Nf3 f6 13.f5 Bf7 14.fxe6 Bxe6 15.Nd4 Nf8
16.Nd2 Qd7 17.N2f3 h5 18.Nxe6 Nxe6 19.gxh5 Rxh5 20.e4 dxe4 21.Qxe4 O-O-O
22.Be3 Nh6 23.Bxa7 Bd6 24.Bb6 Nf4 25.Bxd8 Kxd8 26.Rf2 Nxh3+ 27.Bxh3 Qxh3
28.Rg2 Qh1+ 29.Kf2 Qxa1 30.Rxg7 Qxa2 31.Qd4 Qe6 32.Qb6+ Ke8 33.Qxb7 Nf7 34.Rg8+ Bf8
35.Qb8+ Nd8 36.Rxf8+ Kxf8 37.Qxd8+ Kg7 38.Qc7+ Kg6 39.Qg3+ Kh7 40.Qc7+ Kg6
41.Qg3+ Kh6 42.Qf4+ Kg7 43.Qc7+ Kh8 44.Qb8+  1/2-1/2

[Event "BL2-W9899"]
[Site "Germany"]
[Date "1999.02.21"]
[Round "6.5"]
[White "Becking, Stephan"]
[Black "Abel, Thomas"]
[Result "1-0"]
[WhiteElo "2242"]
[BlackElo "2400"]

1.Nf3 d5 2.g3 Nf6 3.Bg2 Bg4 4.O-O e6 5.d3 Nbd7 6.Nc3 Bd6 7.e4 O-O 8.Qe1 dxe4
9.dxe4 e5 10.h3 Be6 11.b3 Nc5 12.Nh4 Qd7 13.g4 g6 14.f4 Qd8 15.f5 Bc8 16.Bh6 Re8
17.fxg6 fxg6 18.Qf2 Ncd7 19.Nd5 Bc5 20.Qxc5 Nxc5 21.Nxf6+ Kh8 22.Nxe8 Ne6
23.Nf6 g5 24.Rad1 Qe7 25.Nd5 Qc5+ 26.Kh2 gxh4 27.Rf7 Kg8 28.Rdf1 Nf4 29.Rg7+  1-0

[Event "Bundesliga 9899"]
[Site "Germany"]
[Date "1999.02.21"]
[Round "11.4"]
[White "Schulze, Ulrich"]
[Black "Wells, Peter K"]
[Result "1/2-1/2"]
[WhiteElo "2360"]
[BlackElo "2492"]

1.Nf3 d5 2.g3 c6 3.Bg2 Nf6 4.O-O Bg4 5.d3 Nbd7 6.Nbd2 e6 7.h3 Bh5 8.Qe1 Bc5
9.e4 O-O 10.Kh1 a5 11.e5 Ne8 12.Nh2 f6 13.g4 Bg6 14.f4 fxe5 15.fxe5 Rxf1+
16.Ndxf1 Qb6 17.Nf3 a4 18.Rb1 Nc7 19.Be3 Nb5 20.a3 Nd4 21.Bxd4 Bxd4 22.Nxd4 Qxd4
23.Qc3 Qxc3 24.bxc3 b5 25.Nd2 Kf7 26.Nf3 Ke7 27.Kg1 Rb8 28.Kf2 c5 29.Ke3  1/2-1/2

[Event "Bundesliga 9899"]
[Site "Germany"]
[Date "1999.02.21"]
[Round "11.5"]
[White "Hoffmann, Michael"]
[Black "Proehl, Holger"]
[Result "1-0"]
[WhiteElo "2407"]
[BlackElo "2401"]

1.Nf3 d5 2.g3 Nf6 3.Bg2 g6 4.c4 c6 5.b3 Bg7 6.Bb2 O-O 7.O-O Nbd7 8.d4 Re8
9.Nc3 Nb6 10.c5 Nbd7 11.b4 Nh5 12.Nb1 Qc7 13.Nbd2 e5 14.e4 Nhf6 15.Nxe5 dxe4
16.Nec4 Nd5 17.Nxe4 Nxb4 18.Qb3 Na6 19.Rae1 Rf8 20.Ncd6 b6 21.Nxf7 Rxf7 22.Nd6 Nf6
23.Bxc6 Rb8 24.Be8 bxc5 25.Qxf7+ Qxf7 26.Bxf7+ Kf8 27.Nxc8 Kxf7 28.Nd6+ Kg8
29.Ba1 Rd8 30.Nb7 Rd5 31.dxc5 Nxc5 32.Nxc5 Rxc5 33.Re7 Ra5 34.Rc1  1-0

[Event "Bundesliga 9899"]
[Site "Germany"]
[Date "1999.02.21"]
[Round "11.5"]
[White "Smejkal, Jan"]
[Black "Schwalfenberg, Joerg"]
[Result "1/2-1/2"]
[WhiteElo "2525"]
[BlackElo "2360"]

1.Nf3 d5 2.g3 Nf6 3.Bg2 Bg4 4.O-O c6 5.d3 Nbd7 6.Qe1 e6 7.e4 Bxf3 8.Bxf3 Bd6
9.Bg2 Qb6 10.Nd2 O-O 11.Kh1 Bc5 12.Nb3 Be7 13.e5 Ne8 14.f4 Nc7 15.Bd2 Qa6
16.g4 f6 17.exf6 Bxf6 18.d4 Rfe8 19.Rf3 b6 20.Bf1 Qb7 21.g5 Be7 22.Rh3 Nf8
23.Bd3 g6 24.Qh4 Nb5 25.Bxg6 hxg6 26.Qh8+ Kf7 27.f5 exf5 28.Re1 Nd6 29.Rh7+ Nxh7
30.Qxh7+ Kf8 31.Qh8+ Kf7 32.Qh7+ Kf8 33.Qh8+  1/2-1/2

[Event "United Insurance 4th"]
[Site "Dhaka"]
[Date "1999.02.24"]
[Round "6"]
[White "Wojtkiewicz, Aleksander"]
[Black "Neelotpal, Das"]
[Result "1-0"]
[WhiteElo "2570"]
[BlackElo "2436"]

1.Nf3 d5 2.g3 c6 3.Bg2 Nf6 4.O-O Bg4 5.c4 e6 6.cxd5 exd5 7.d3 Be7 8.Be3 O-O
9.Qb3 Bc8 10.Nc3 Na6 11.h3 Re8 12.Rac1 Bd6 13.Bd2 h6 14.a3 Bf5 15.Nd4 Bh7
16.Qc2 Qd7 17.b4 c5 18.bxc5 Bxc5 19.Ncb5 Rac8 20.Qb2 Nb8 21.Rxc5 Rxc5 22.Nxa7 Na6
23.Bb4 Nxb4 24.axb4 Rc7 25.Ndb5 Bf5 26.Kh2 h5 27.Nxc7 Qxc7 28.Nb5 Qb6 29.Nd4 Bd7
30.Nf3 Qe6 31.Re1 Ra8 32.Rb1 Re8 33.Nd4 Qe5 34.Kg1 Qd6 35.Qd2 Qb6 36.Qc3 Rc8
37.Qa1 Re8 38.e3 Ra8 39.Qxa8+  1-0

[Event "United Insurance 4th"]
[Site "Dhaka"]
[Date "1999.02.25"]
[Round "7"]
[White "Kunte, Abhijit"]
[Black "Short, Nigel D"]
[Result "1/2-1/2"]
[WhiteElo "2455"]
[BlackElo "2697"]

1.Nf3 d5 2.g3 Bg4 3.Bg2 c6 4.b3 e6 5.Bb2 Nf6 6.O-O Be7 7.d3 O-O 8.Nbd2 a5
9.a3 Nbd7 10.e4 dxe4 11.dxe4 e5 12.h3 Bxf3 13.Qxf3 Re8 14.Qe2 Bc5 15.Rad1 b5
16.c3 Qe7 17.b4 Bb6 18.Ra1 h5 19.Nf3 Bc7 20.Bc1 Nb6 21.Bg5 Qe6 22.Nd2 g6
23.Rfe1 Nfd7 24.h4 Ra7 25.c4 axb4 26.cxb5 Rxa3 27.Rxa3 bxa3 28.bxc6 Nf8 29.Be3 a2
30.Qb5 Rb8 31.Bf1 Nh7 32.Ra1 Nf6 33.Bxb6 Rxb6 34.Qc4 Qxc4 35.Bxc4 Nxe4 36.Rxa2 Nxd2
37.Rxd2 Rxc6 38.Rc2 Rf6 39.Kg2 Bb6 40.Bd5 Bd4 41.f3 Rd6 42.Bb3 Rd7 43.Rd2 Rb7
44.Bd5 Rb5 45.Ba2 Rb4 46.Rc2 Kg7 47.Kf1 Rb7 48.Bd5 Rd7 49.Bb3 Kf8 50.Rd2 Rb7
51.Bd5 Rb5 52.Ba2 Ra5 53.Rc2 Ke7 54.Kg2 Ra7 55.Rd2 f5 56.Re2 Kd6 57.Rc2 Be3
58.Kf1 e4 59.fxe4 fxe4 60.Bb1 Rb7 61.Ba2 Bd4 62.Re2 Ke5 63.Bc4 Rb1+ 64.Kg2 Rd1
65.Bb3 Rd3 66.Bc2  1/2-1/2

[Event "PER-ch"]
[Site "Lima"]
[Date "1999.02.26"]
[Round "3"]
[White "Calle, Myriam"]
[Black "Garcia, Javier"]
[Result "0-1"]
[WhiteElo "2125"]
[BlackElo "2321"]

1.Nf3 d5 2.g3 Nf6 3.Bg2 Bf5 4.d3 c6 5.Nbd2 e6 6.O-O h6 7.Re1 Be7 8.b3 O-O
9.Bb2 a5 10.e4 Bh7 11.e5 Nfd7 12.a4 Na6 13.Nd4 Nb4 14.f4 Qc7 15.N2f3 b5 16.Qd2 bxa4
17.bxa4 Rab8 18.Ba3 Nb6 19.Bh3 c5 20.Nb5 Qd7 21.Nc3 Rfc8 22.Bb2 c4 23.Nd4 cxd3
24.f5 Bc5 25.Nb5 Nc4 26.Qc3 Nxc2 27.fxe6 fxe6 28.Re3 Nxd4  0-1

[Event "United Insurance 4th"]
[Site "Dhaka"]
[Date "1999.02.27"]
[Round "9"]
[White "Kunte, Abhijit"]
[Black "Rahman, Ziaur"]
[Result "1-0"]
[WhiteElo "2455"]
[BlackElo "2498"]

1.Nf3 d5 2.g3 c6 3.Bg2 Bg4 4.O-O Nd7 5.d3 Ngf6 6.h3 Bh5 7.c4 e6 8.Nc3 Bd6
9.cxd5 exd5 10.Qc2 O-O 11.e4 Bxf3 12.Bxf3 d4 13.Nb1 Re8 14.Bg2 Bf8 15.f4 a5
16.g4 Nc5 17.Nd2 Qb6 18.Nc4 Qa7 19.Kh2 b5 20.Ne5 Qc7 21.g5 Nh5 22.Ng4 f6
23.gxf6 Nxf6 24.Nxf6+ gxf6 25.Qe2 Kh8 26.Bd2 Rac8 27.Bf3 Bd6 28.Bg4 Ra8 29.Rf3 Na4
30.Rg1 Nxb2 31.Bc1 Na4 32.Qf2 Qe7 33.Bf5 c5 34.Qh4 Rf8 35.Rfg3 Rf7 36.Qg4 Qf8
37.Be6 Nc3 38.Qf5 Raa7 39.Rg8+ Qxg8 40.Rxg8+ Kxg8 41.Qxf6 Bf8 42.f5 Re7 43.Bh6 Bxh6
44.Qxe7  1-0